000 00495nam a2200181Ia 4500
005 20250326123737.0
008 250326s9999 xx 000 0 und d
037 _aTextbook
040 _aFMSL
_beng
_cFMSL
041 _aeng
_2eng
084 _aM16wN601 K0
_qFMSL
100 _aUnwin S S
_9735972
245 0 _aTruth about a publisher
_cUnwin S S
260 _aLondon
_bLondon, George Allen
_c1960
300 _a455p
942 _cTB
_hM16wN601 K0
999 _c1270769
_d1270769